LIBRARY & INFORMATION CENTRE, KCAET, TAVANUR

ONLINE PUBLIC ACCESS CATALOGUE (OPAC)

WASTEWATER TREATMENT THROUGH CONSTRUCTED FLOATING WETLAND (Record no. 19629)

MARC details
000 -LEADER
fixed length control field 00628nam a22001937a 4500
003 - CONTROL NUMBER IDENTIFIER
control field OSt
082 ## - DEWEY DECIMAL CLASSIFICATION NUMBER
Classification number 628.3
Item number FIB/WA
088 ## - REPORT NUMBER
Report number P 657
100 ## - MAIN ENTRY--AUTHOR NAME
Personal name FIBA M
100 ## - MAIN ENTRY--AUTHOR NAME
Personal name SHAHLA SHERIN P P
100 ## - MAIN ENTRY--AUTHOR NAME
Personal name ARATHI N
100 ## - MAIN ENTRY--AUTHOR NAME
Personal name SHAHANA M
245 ## - TITLE STATEMENT
Title WASTEWATER TREATMENT THROUGH CONSTRUCTED FLOATING WETLAND
260 ## - PUBLICATION, DISTRIBUTION, ETC. (IMPRINT)
Place of publication Tavanur
Name of publisher DEPARTMENT OF SOIL AND WATER CONSERVATION ENGINEERING, KELAPPAJI COLLEGE OF AGRICULTURAL ENGINEERING AND FOOD TECHNOLOGY
Year of publication 2025
700 ## - ADDED ENTRY--PERSONAL NAME
Personal name Jinu
856 ## - ELECTRONIC LOCATION AND ACCESS
Uniform Resource Identifier http://14.139.181.140:8080/jspui/handle/123456789/2199
942 ## - ADDED ENTRY ELEMENTS (KOHA)
Koha item type Project Report
Holdings
Collection code Home library Current library Full call number Accession Number Koha item type
Reference KAUAET KAUAET 628.3 FIB/WA P 657 Project Report
free website counter